Management. (3rd ed.) (Record no. 82373)

MARC details
000 -LEADER
fixed length control field 01597nam a2200265 a 4500
008 - FIXED-LENGTH DATA ELEMENTS--GENERAL INFORMATION
fixed length control field 060316s1982 ||||||||||||||||| || u
020 ## - INTERNATIONAL STANDARD BOOK NUMBER
International Standard Book Number 0256027137
050 ## - LIBRARY OF CONGRESS CALL NUMBER
Classification number HD 31 Tre
100 ## - MAIN ENTRY--PERSONAL NAME
Personal name Trewatha, Robert L
245 10 - TITLE STATEMENT
Title Management. (3rd ed.)
250 ## - EDITION STATEMENT
Edition statement 3rd ed.
260 ## - PUBLICATION, DISTRIBUTION, ETC.
Place of publication, distribution, etc. Plano, Tex. :
Name of publisher, distributor, etc. Business Publications
Date of publication, distribution, etc. 1982
300 ## - PHYSICAL DESCRIPTION
Extent xii, 605 p. : ill.
350 ## -
-- 0.00
500 ## - GENERAL NOTE
General note Includes bibliographies and index.
650 #0 - SUBJECT ADDED ENTRY--TOPICAL TERM
Topical term or geographic name entry element MANAGEMENT
700 ## - ADDED ENTRY--PERSONAL NAME
Personal name Newport, Marvin Gene
995 ## -
-- MAIN LIBRARY OPEN ACCESS
-- 0.00
-- 721697
-- CBU-MAIN LIBRARY (Kitwe)
-- 6
-- 17.50
-- HD 31 Tre
-- 4
-- LOST
-- Mar 11, 2013
-- 008148
-- Main Library Open Access Collection
995 ## -
-- BINDERY (DAMAGED)
-- 0.00
-- 719273
-- CBU-MAIN LIBRARY (Kitwe)
-- 4
-- 17.50
-- HD 31 Tre
-- 1
-- DAMAGED
-- 003019
-- Main Library Open Access Collection
995 ## -
-- BINDERY (DAMAGED)
-- 0.00
-- 720816
-- CBU-MAIN LIBRARY (Kitwe)
-- 1
-- 17.50
-- HD 31 Tre
-- 5
-- DAMAGED
-- 018715
-- Main Library Open Access Collection
995 ## -
-- BINDERY (DAMAGED)
-- 0.00
-- 709526
-- CBU-MAIN LIBRARY (Kitwe)
-- 2
-- 17.50
-- HD 31 Tre
-- 7
-- DAMAGED
-- 020328
-- Main Library Open Access Collection
995 ## -
-- MAIN LIBRARY OPEN ACCESS
-- 0.00
-- 709529
-- CBU-MAIN LIBRARY (Kitwe)
-- 7
-- 17.50
-- HD 31 Tre
-- 2
-- LOST
-- Mar 11, 2013
-- 003020
-- Main Library Open Access Collection
995 ## -
-- MAIN LIBRARY OPEN ACCESS
-- 0.00
-- 709528
-- CBU-MAIN LIBRARY (Kitwe)
-- 5
-- 17.50
-- HD 31 Tre
-- 6
-- AVAILABLE
-- 019089
-- Main Library Open Access Collection
995 ## -
-- BINDERY (DAMAGED)
-- 0.00
-- 709527
-- CBU-MAIN LIBRARY (Kitwe)
-- 3
-- 17.50
-- HD 31 Tre
-- 3
-- DAMAGED
-- 003021
-- Main Library Open Access Collection
999 ## -
-- 82373
-- 82373
Holdings
Withdrawn status Lost status Source of classification or shelving scheme Damaged status Not for loan Permanent Location Current Location Shelving location Date acquired Total Checkouts Full call number Barcode Date last seen Copy number Price effective from Koha item type
          CBU-MAIN LIBRARY, KITWE. CBU-MAIN LIBRARY, KITWE.   09/27/2023   HD 31 Tre 008148 09/27/2023 1 09/27/2023 MONOGRAPH
          CBU-MAIN LIBRARY, KITWE. CBU-MAIN LIBRARY, KITWE.   09/27/2023   HD 31 Tre 003019 09/27/2023 2 09/27/2023 MONOGRAPH
          CBU-MAIN LIBRARY, KITWE. CBU-MAIN LIBRARY, KITWE.   09/27/2023   HD 31 Tre 018715 09/27/2023 3 09/27/2023 MONOGRAPH
          CBU-MAIN LIBRARY, KITWE. CBU-MAIN LIBRARY, KITWE.   09/27/2023   HD 31 Tre 020328 09/27/2023 4 09/27/2023 MONOGRAPH
          CBU-MAIN LIBRARY, KITWE. CBU-MAIN LIBRARY, KITWE.   09/27/2023   HD 31 Tre 003020 09/27/2023 5 09/27/2023 MONOGRAPH
          CBU-MAIN LIBRARY, KITWE. CBU-MAIN LIBRARY, KITWE.   09/27/2023   HD 31 Tre 019089 09/27/2023 6 09/27/2023 MONOGRAPH
          CBU-MAIN LIBRARY, KITWE. CBU-MAIN LIBRARY, KITWE.   09/27/2023   HD 31 Tre 003021 09/27/2023 7 09/27/2023 MONOGRAPH